000 00556nam a2200205Ia 4500
003 GCL
008 140319s9999 xx 000 0 ara d
040 _aGCL /
_cGCL
082 0 4 _a811.5
_bخ ا
100 1 _aخليل مردم
245 1 0 _aابن الرومى /
_cخليل مردم
260 _a[S.N] :
_bدار صادر
300 _a101 ص
490 _a
650 0 4 _aالشعر العربى
650 0 4 _aالادب العربى
650 0 4 _aالدولة العباسية الثانية
650 0 4 _aابن الرومى
942 _2ddc
_cBK
999 _c30911
_d30911